The Republic of Nicaragua. An Amnesty International Report including the findings of a mission to Nicaragua
Сохранить в:
| Соавтор: | |
|---|---|
| Формат: | Текст |
| Опубликовано: |
London:
Amnesty International Publications
|
| Метки: |
Добавить метку
Нет меток, Требуется 1-ая метка записи!
|
MARC
| LEADER | 00000 a a2200000 04500 | ||
|---|---|---|---|
| 001 | 18891 | ||
| 003 | |||
| 040 | |a CRAI/IIS |c CRAI/IIS | ||
| 090 | |a 015500 | ||
| 110 | |a Amnistía Internacional | ||
| 245 | |a The Republic of Nicaragua. An Amnesty International Report including the findings of a mission to Nicaragua | ||
| 260 | |a London: |b Amnesty International Publications | ||
| 300 | |a 75 p. | ||
| 999 | |c 6354 |d 6354 | ||
